兒童物理治療學 = (Record no. 7276)
[ view plain ]
| 000 -LEADER | |
|---|---|
| fixed length control field | 01049cam a22003138i 4500 |
| 001 - CONTROL NUMBER | |
| control field | .b36158999 |
| 003 - CONTROL NUMBER IDENTIFIER | |
| control field | YEEZEN |
| 005 - DATE AND TIME OF LATEST TRANSACTION | |
| control field | 20240102145103.0 |
| 008 - FIXED-LENGTH DATA ELEMENTS--GENERAL INFORMATION | |
| fixed length control field | 210720s2021 ch a b 001 0 chi d |
| 020 ## - INTERNATIONAL STANDARD BOOK NUMBER | |
| International Standard Book Number | 9789860622836 |
| Qualifying information | (平裝) |
| 040 ## - CATALOGING SOURCE | |
| Original cataloging agency | CIP |
| Language of cataloging | chi |
| Transcribing agency | CIP |
| Modifying agency | CKT |
| Description conventions | rda |
| 041 0# - LANGUAGE CODE | |
| Language code of text/sound track or separate title | chi |
| 042 ## - AUTHENTICATION CODE | |
| Authentication code | nbic |
| 090 ## - LOCALLY ASSIGNED LC-TYPE CALL NUMBER (OCLC); LOCAL CALL NUMBER (RLIN) | |
| Classification number (OCLC) (R) ; Classification number, CALL (RLIN) (NR) | 417.51 |
| Local cutter number (OCLC) ; Book number/undivided call number, CALL (RLIN) | 0044b |
| 100 1# - MAIN ENTRY--PERSONAL NAME | |
| Personal name | 廖華芳 |
| 245 10 - TITLE STATEMENT | |
| Title | 兒童物理治療學 = |
| Remainder of title | Pediatric physical therapy-health promotion, habilitation and rehabilitation / |
| Statement of responsibility, etc. | 廖華芳作[及其他12人] |
| 246 31 - VARYING FORM OF TITLE | |
| Title proper/short title | Pediatric physical therapy-health promotion,habilitation and rehabilitation. |
| 250 ## - EDITION STATEMENT | |
| Edition statement | 初版 |
| 264 #1 - PRODUCTION, PUBLICATION, DISTRIBUTION, MANUFACTURE, AND COPYRIGHT NOTICE | |
| Place of production, publication, distribution, manufacture | 臺北市 : |
| Name of producer, publisher, distributor, manufacturer | 禾楓書局有限公司, |
| Date of production, publication, distribution, manufacture, or copyright notice | 2021. |
| 264 #2 - PRODUCTION, PUBLICATION, DISTRIBUTION, MANUFACTURE, AND COPYRIGHT NOTICE | |
| Place of production, publication, distribution, manufacture | 臺北市 : |
| Name of producer, publisher, distributor, manufacturer | 華騰文化股份有限公司 |
| 300 ## - PHYSICAL DESCRIPTION | |
| Extent | 822面 : |
| Other physical details | 圖, 表 ; |
| Dimensions | 21公分 |
| 336 ## - CONTENT TYPE | |
| Content type term | text |
| Content type code | txt |
| Source | rdacontent. |
| 337 ## - MEDIA TYPE | |
| Media type term | unmediated |
| Media type code | n |
| Source | rdamedia. |
| 338 ## - CARRIER TYPE | |
| Carrier type term | volume |
| Carrier type code | nc |
| Source | rdacarrier. |
| 504 ## - BIBLIOGRAPHY, ETC. NOTE | |
| Bibliography, etc. note | 含參考書目及索引 |
| 650 #7 - SUBJECT ADDED ENTRY--TOPICAL TERM | |
| Topical term or geographic name entry element | 小兒科 |
| Source of heading or term | lcstt. |
| 650 #7 - SUBJECT ADDED ENTRY--TOPICAL TERM | |
| Topical term or geographic name entry element | 物理治療 |
| Source of heading or term | lcstt. |
| 942 ## - ADDED ENTRY ELEMENTS (KOHA) | |
| Source of classification or shelving scheme | 中文圖書分類法 |
| Koha item type | 長期借閱書籍 |
| 撤銷狀態 | 遺失狀態 | 分類號來源 | 損壞狀態 | 不外借 | 永久館藏地 | 現在館藏地 | 書架位置 | 採購日期 | 全部借出 | 全部續借 | 完整索書號 | 條碼號 | 還書日 | 最後一次日期記錄 | Date last checked out | 一般價格有效日期 | Koha館藏類型 | 公開資訊 |
|---|---|---|---|---|---|---|---|---|---|---|---|---|---|---|---|---|---|---|
| 未註銷館藏 | 未遺失 | 中文圖書分類法 | 未損毀 | 可外借 | 怡仁綜合醫院圖書館 | 怡仁綜合醫院圖書館 | 復健中心 | 2022-08-10 | 12 | 4 | 417.51 | C02858 | 2026-06-30 | 2026-01-02 | 2026-01-02 | 2022-08-10 | 長期借閱書籍 | 本書主要目的為使大專物理治療高年級學生在實習前或實習中習得兒童物理治療知能,並運用這些知能於需要物理治療的兒童與青少年及其家庭上。對於兒童物理治療從業人員,由本書之瀏覽可全面了解世界兒童物理治療之發展及新近物理治療之理論與執業模式,可在概念上溫故知新。 |